Films d'animation de 1997 en images - Statistiques

Statistiques générales
  • Ce quiz a été pris 51 fois
  • Le résultat moyen est 5 sur 12
Statistiques - réponses
Par images Réponse % Correct
Hercule
98%
Princesse Mononoké
83%
Détective Conan : Le Gratte-Ciel infernal
79%
Fifi Brindacier
68%
Anastasia
66%
Léo, roi de la jungle
43%
The End of Evangelion
32%
Perfect Blue
28%
Dany, le chat superstar
2%
Histoire de fantômes chinois: The Tsui Hark Animation
2%
Le Dragon de mon père
2%
L'Impitoyable Lune de miel !
2%
Aucun quiz correspondant
Distribution des résultats
% des personnes avec chaque résultat
Percentile par nombre de réponses
Votre historique - résultats
Vous n’avez pas pris ce quiz